000 00818nam a22002777a 4500
003 CHAP
005 20220329140226.0
008 971013s r 00010 d
010 _a48850
011 _a49822
035 _a53972
040 _cCHAP
090 _aFolleto 5573
110 _aVenezuela. Dirección General de Desarrollo Ganadero
_9118712
245 _aFases de incubación del huevo
260 _a(s.l. :
_bs.e.),
_c(s.a.)
300 _as.p.
500 _aHoja desplegable
590 _aBATCH-UPD
_b10
_c20130110
_lUCH01
_h2040
590 _aCONVERSION
_b10
_c20130109
_lUCH01
_h1327
650 1 4 _aHuevos
_xIncubabilidad.
_956747
901 _aBK
942 _cFOLL
949 _aFolleto 5573
_bBC
_cFOLL
_d-119346
_eTS1
_i53972
_mD
_si
949 _aFolleto 5573
_bBC
_cFOLL
_d-119347
_eTS2
_fc.2
_i53972
_mD
_si
999 _c48850
_d48850